Lista de los individuos de la Sociedad Económica Matritense en 1º de enero de 1863. (Record no. 169478)

MARC details
000 -LEADER
campo de control de longitud fija 00684nam a22001815i 4500
001 - NÚMERO DE CONTROL
campo de control 169478
003 - IDENTIFICADOR DE NÚMERO DE CONTROL
campo de control ES-MaACL
005 - FECHA Y HORA DE LA ÚLTIMA TRANSACCIÓN
campo de control 20250902100027.0
008 - DATOS DE LONGITUD FIJA--INFORMACIÓN GENERAL
campo de control de longitud fija 080917s1863 sp |||| | spa d
080 ## - NÚMERO DE LA CLASIFICACIÓN DECIMAL UNIVERSAL
Número de la Clasificación Decimal Universal 061.235(460.27 M.)
110 2# - ENTRADA PRINCIPAL--NOMBRE DE ENTIDAD CORPORATIVA
Nombre de entidad corporativa o nombre de jurisdicción como elemento de entrada Real Sociedad Económica Matritense de Amigos del País.
9 (RLIN) 6389
245 10 - MENCIÓN DEL TÍTULO
Título Lista de los individuos de la Sociedad Económica Matritense en 1º de enero de 1863.
260 ## - PUBLICACIÓN, DISTRIBUCIÓN, ETC.
Lugar de publicación, distribución, etc. Madrid :
Nombre del editor, distribuidor, etc. [s.n.],
Fecha de publicación, distribución, etc. 1863 (
Fabricante Imp. del Colegio de Sordo-Mudos y de Ciegos)
300 ## - DESCRIPCIÓN FÍSICA
Extensión 35 p. ;
Dimensiones 21 cm.
610 27 - PUNTO DE ACCESO ADICIONAL DE MATERIA--NOMBRE DE ENTIDAD CORPORATIVA
Nombre de entidad corporativa o nombre de jurisdicción como elemento de entrada Real Sociedad Económica Matritense de Amigos del País.
Título de la obra Lista de socios
Fuente del encabezamiento o término
9 (RLIN) 154093
852 4# - LOCALIZACIÓN
Ubicación ES-MaACL
Número de control de estantería T-85-F-6
Holdings
Estatus retirado Estado de pérdida Estado de daño No para préstamo Colección Biblioteca de origen Biblioteca actual Ubicación en estantería Fecha de adquisición Fuente de adquisición Total de préstamos Signatura topográfica completa Código de barras Visto por última vez Precio de reemplazo Tipo de ítem Koha
        Colección de folletos Biblioteca del Ateneo de Madrid Biblioteca del Ateneo de Madrid Depósito folletos 17/09/2008     T-85-F-6 1177923 23/02/2023 23/02/2023 Folleto